000 00335nam a2200121Ia 4500
005 20260326100026.0
008 260326s9999||||xx |||||||||||||| ||und||
100 _aRàfols, J.F.
245 0 _aArquitectura de las Edades Moderna y Contemporánea /
_cJ.F. Ràfols
260 _bRamón Sopena
650 _aARQUITECTURA BARROCA
942 _cBK
999 _c6403
_d6403